| 000 | 01085nac a22002891i 4500 | ||
|---|---|---|---|
| 003 | EG-ScBUE | ||
| 005 | 20240314100222.0 | ||
| 008 | 240314s1997 ilu f b 000 0 eng d | ||
| 020 | _a0226155560 (pbk. : alk. paper) | ||
| 020 | _a9780226155562 | ||
| 040 |
_aEG-ScBUE _beng _erda _cEG-ScBUE _dEG-ScBUE |
||
| 043 | _af-ua--- | ||
| 082 | 0 | 4 |
_a932 _bEGY _222 |
| 245 | 0 | 4 |
_aThe Egyptians / _cedited by Sergio Donadoni ; translated by Robert Bianchi [and three others] |
| 264 | 1 |
_aChicago ; _aLondon : _bThe University of Chicago Press, _c1997. |
|
| 300 |
_axvi, 361 pages ; _c24 cm |
||
| 336 |
_2rdacontent _atext _btxt |
||
| 337 |
_aunmediated _2rdamedia _bn |
||
| 338 |
_avolume _bnc _2rdacarrier |
||
| 504 | _aIncludes bibliographical references and index. | ||
| 651 | 7 |
_aEgypt _xCivilization _yTo 332 B.C. _2BUEsh |
|
| 655 | _vReading book | ||
| 700 | 1 |
_aDonadoni, Sergio, _eeditor. |
|
| 856 | 4 | 2 |
_3Publisher description _uhttp://www.loc.gov/catdir/description/uchi051/96044074.html |
| 856 | 4 | 2 |
_3Table of contents _uhttp://www.loc.gov/catdir/toc/uchi051/96044074.html |
| 942 |
_cBB _2ddc |
||
| 999 |
_c5394 _d5394 |
||